Riconosci la Provincia dai confini - Quiz n°3 - Statistics

Statistiche generali
  • Questo quiz è stato fatto 9 volte
  • Il punteggio medio è 8 su 10
Statistiche sulle risposte
Province confinanti Provincia % Corretto
Provincia di LuccaProvincia di Parma Provincia di Reggio Emilia Provincia della Spezia Provincia di Massa-Carrara
100%
Provincia di BergamoProvincia di Como Provincia di Lecco Città Metropolitana di Milano Provincia di Varese Provincia di Monza e della Brianza
100%
Provincia di NovaraProvincia di Varese Provincia di Vercelli Provincia del Verbano-Cusio-Ossola
83%
Provincia di FermoProvincia di Macerata Provincia di Perugia Provincia di Rieti Provincia di Teramo Provincia di Ascoli Piceno
83%
Provincia di BresciaProvincia di Cremona Provincia di Lecco Città Metropolitana di Milano Provincia di Monza e della Brianza Provincia di Sondrio Provincia di Bergamo
83%
Provincia di CasertaProvincia di Frosinone Città metropolitana di Roma Provincia di Latina
83%
Provincia di BellunoProvincia di Padova
Ente di decentramento regionale di Pordenone
Provincia di Venezia Provincia di Vicenza
Provincia di Treviso
83%
Città Metropolitana di CataniaLibero consorzio comunale di Enna Città Metropolitana di Palermo Città Metropolitana di Messina
67%
Provincia di MacerataProvincia di Perugia Provincia di Pesaro e Urbino Provincia di Ancona
67%
Città Metropolitana di Firenze Provincia di Forlì-Cesena Provincia di Perugia Provincia di Pesaro-Urbino Provincia di Rimini Provincia di Siena Provincia di Arezzo
67%
Nessun quiz corrispondente trovato
Distribuzione punteggi
Percentuale di utenti per punteggio
Percentile per numero di risposta
I tuoi punteggi nel tempo
Non hai fatto questo quiz